100 personnages des Agents du S.H.I.E.L.D. - Statistiques

Statistiques générales
  • Ce quiz a été pris 95 fois
  • Le résultat moyen est 32 sur 100
Statistiques - réponses
Personnages % Correct
1 Phil Coulson
96%
2 Daisy Johnson
91%
4 Leopold Fitz
91%
3 Melinda May
91%
5 Jemma Simmons
89%
7 Alphonso "Mac" MacKenzie
85%
6 Grant Ward
85%
9 Barbara "Bobbie" Morse
83%
65 Christian Ward
80%
8 Elena "Yo-Yo" Rodriguez
80%
10 Lance Hunter
74%
100 Nick Fury
67%
19 John Garrett / L'Extralucide
65%
12 Lincoln Campbell
61%
20 Glenn Talbot / Graviton
57%
28 AIDA
56%
14 Deke Shaw
56%
11 Antoine Triplett
50%
99 Maria Hill
50%
16 Mike Peterson / Deathlok
50%
18 Raina
46%
26 Gideon Malick
44%
73 Robbie Reyes / Ghost Rider
44%
43 Agent 33
43%
93 Nathaniel Malick
43%
34 Ruby Hale
43%
92 Wilfred Malick
41%
72 Holden Radcliffe
39%
24 Jiaying
39%
94 Kora Johnson
39%
15 Enoch
37%
17 Ian Quinn
37%
96 Lady Sif
35%
27 Alveus
33%
90 Daniel Sousa
33%
31 Kasius
33%
47 Andrew Garner / Lash
31%
41 Victoria Hand
31%
53 Carl Creel
30%
33 Générale Hale
30%
98 Peggy Carter
30%
42 Robert Gonzales
30%
46 Sam Koenig
30%
13 Jeffrey Mace
28%
74 Gabriel "Gabe" Reyes
28%
59 Robin Hinton
28%
45 Bill Koenig
26%
44 Eric Koenig
26%
83 Flint
26%
51 Gordon
26%
62 Lorelei
26%
23 Calvin Zabo
24%
38 James Davis
24%
22 Sunil Bakshi
24%
30 Anton Ivanov
22%
35 Izel
22%
77 Lucie Bauer
22%
39 Piper
22%
66 Rosalind Price
22%
25 Werner VonStrucker
22%
21 Daniel Whitehall
20%
29 Madame Hydra
20%
32 Sinara
20%
78 Ellen Nadeer
19%
82 Hope MacKenzie
19%
48 Isabel Hartley
19%
54 Joey Gutierrez
19%
84 Tess
19%
97 Jasper Sitwell
17%
40 Anne Weaver
15%
75 Eli Morrow
15%
56 Giyera
15%
80 Ophelia
15%
71 Polly Hinton
15%
58 Vijay Nadeer
15%
68 Will
15%
60 Ace Peterson
13%
95 Alya Fitz-Simmons
13%
70 Charles Hinton
13%
36 Sarge
13%
55 Alisha Withley
11%
61 Donald "Donnie" Gill
11%
63 Felix Blake
11%
57 J.T. James / Hellfire
11%
37 Sibyl
11%
64 Dr. List
9%
76 Joseph Bauer
9%
67 Luther Banks
9%
50 Marcus Benson
9%
69 Matthew Ellis
9%
81 Alistair Fitz
7%
85 Grill
7%
91 L.M.D. Coulson
7%
88 Snowflake
7%
49 Damon Keller
6%
87 Jaco
6%
86 Qovas
6%
89 Pax
4%
52 Scorch
4%
79 Agnes
2%
Aucun quiz correspondant
Distribution des résultats
% des personnes avec chaque résultat
Percentile par nombre de réponses
Votre historique - résultats
Vous n’avez pas pris ce quiz